000 02253cam a2200373 i 4500
999 _c5289
_d5289
001 2986222
003 OCoLC
005 20190102180409.0
008 770127s1976 miuc b 001 0ceng
010 _a 76022989
020 _a0801095786 :
_c$7.95
020 _a9780801095788
035 _a(OCoLC)2986222
_z(OCoLC)59250592
040 _aDLC
_beng
_cDLC
_dOCL
_dBAKER
_dAU@
_dOCLCQ
_dYDXCP
_dTDT
_dOCLCF
_dOCLCQ
_dCIRBC
050 0 0 _aBR1700.2
_b.W49
082 0 _a280
_aB
_bW648W
092 0 _a280.0922
_bW648w
100 1 _aWiersbe, Warren W.
245 1 0 _aWalking with the giants :
_ba minister's guide to good reading and great preaching /
_cWarren Wiersbe.
260 _aGrand Rapids :
_bBaker Book House,
_c©1976.
300 _a289 pages :
_bportraits ;
_c24 cm
336 _atext
_btxt
_2rdacontent
337 _aunmediated
_bn
_2rdamedia
338 _avolume
_bnc
_2rdacarrier
504 _aIncludes bibliographical references and index.
505 0 _apt. 1. Great preacher-authors. Samuel Rutherford (1600-1661) -- F.W. Robertson (1816-1853) -- Alexander Maclaren (1826-1910) -- R.W. Dale (1829-1895) -- Joseph Parker (1830-1902) -- J. Hudson Taylor (1832-1905) -- Charles H. Spurgeon (1834-1892) -- Phillips Brooks (1835-1893) -- Alexander Whyte (1836-1921) -- W. Robertson Nicoll (1851-1923) -- Charles E. Jefferson (1860-1937) -- A.C. Gaebelein (1861-1945) and B.H. Carroll (1843-1914) -- G. Campbell Morgan (1863-1945) -- J.D. Jones (1865-1942) -- George H. Morrison (1866-1928) -- Frank W. Boreham (1871?-1959) -- A.W. Tozer (1897-1963) -- W.E. Sangster (1900-1960) -- pt. 2. Classic books on the ministry. The primacy of preaching -- Preaching on the apostles -- Humor in the pulpit -- The Yale lectures -- Histories of preaching -- Books of sermons -- Christian classics -- Dictionaries -- Bible concordances -- Books about the ministry -- The minister and discouragement -- The minister as comforter -- The minister and prayer.
650 0 _aClergy
_vBiography.
650 0 _aPreaching
_xHistory
_vBibliography.
650 0 _aPastoral theology
_vBibliography.
655 7 _aBibliography.
_2fast
_0(OCoLC)fst01423717
655 7 _aBiography.
_2fast
_0(OCoLC)fst01423686
655 7 _aHistory.
_2fast
_0(OCoLC)fst01411628
942 _2ddc
_cBK